000 01936nam a2200409 i 4500
001 000038678
003 DO-SdBNP
005 20260317110112.0
007 ta
008 090918s1992 dr r 000 0 spa d
020 _a9290680032
040 _aDO-SdBNP
_bspa
_cBNPHU
_erda
041 _aspa
082 4 _a331.5447293
_bL925m
_222
100 1 _aLozano, Wilfredo,
_d1950-
_eautor
_4aut.
_97126
245 1 0 _aMigración internacional y económica cafetalera /
_cWilfredo Lozano, Franc Báez Evertsz.
250 _aSegunda edición
264 _aSanto Domingo, República Dominicana :
_bCEPAE,
_c1992.
300 _a254 páginas :
_bilustraciones ;
_c21 cm.
336 _atexto
_btxt
_2rdacontent
337 _asin mediación
_bn
_2rdamedia
338 _avolumen
_bnc
_2rdacarrier
500 _aIncluye datos biográficos de los autores en la contraportada del libro
500 _aEstudio sobre la migración estacional de trabajadores haitianos a la cosecha cafetalera en la República Dominicana
500 _aIncluye índice de cuadros (p. 241-247), índice de mapas (249-250), índice diagramas (p. 251) e índice de grafícos (p. 253)
500 _aEstudio sobre la migración estacional de trabajadores Haitianos a la cosecha cafetalera en la República Dominicana
504 _aBibliografías: páginas 225-235
650 4 _aAgricultura
_xAspectos económicos
_zRepública Dominicana
_91508
650 4 _aTrabajadores agrícolas
_zRepública Dominicana
_98414
650 0 _aMercado de trabajo
_zRepública Dominicana
_2LIBRUNAM
_919058
650 4 _aRecursos humanos
_xHaitianos
_zRepública Dominicana
_923280
651 4 _aRepública Dominicana
_xEmigración e inmigración
_9290
651 4 _aHaíti
_xEmigració e inmigración
_923281
700 1 _aBáez Evertsz, Franc,
_d 1948-2016
_eautor
_4aut.
_955030
710 2 _aCentro de Planificación y Acción Ecuménica(República Dominicana)
_964995
942 _2ddc
_cLBS1
999 _c38168
_d38168